| 000 | 00530nam a22001937a 4500 | ||
|---|---|---|---|
| 003 | OSt | ||
| 005 | 20140310183125.0 | ||
| 008 | 130528t xxu||||| |||| 00| 0 eng d | ||
| 020 | _a9715503071 | ||
| 050 |
_aJQ 1410 _b.P769 1999 |
||
| 082 |
_aFIL 320.959907 _bD44 1999 |
||
| 245 |
_aPolitics and governance : _btheory and practice in the Philippine context |
||
| 260 |
_aQuezon City : _bADMU-ORP, _c1999 |
||
| 521 | _acollege students | ||
| 526 | _c1210L-1700L | ||
| 541 | _j1 | ||
| 562 | _e1 | ||
| 942 |
_2lcc _cBK _kFIL |
||
| 999 |
_c18998 _d18998 |
||